000 01298nam a22003617a 4500
003 CHAP
005 20220329134238.0
008 971013c19581931 r 00010 d
010 _a17527
011 _a18499
035 _a22584
040 _cCHAP
082 _a658
_bJ65
100 0 0 _aJones, Edward D.
_962002
245 _aOrganización y administración de empresas industriales
260 _aBarcelona :
_bLabor,
_c1958 (c.1931)
300 _a784 p
590 _aBATCH-UPD
_b10
_c20130110
_lUCH01
_h1146
590 _aBATCH-UPD
_b10
_c20130410
_lUCH01
_h0732
590 _aBATCH-UPD
_b10
_c20130913
_lUCH01
_h1941
590 _aCONVERSION
_b10
_c20130109
_lUCH01
_h1311
650 1 4 _aAdministración de empresas.
_9922
650 1 4 _aIndustria.
_957682
901 _aBK
942 _cLIBRO
949 _a658 J65
_bBC
_cBPA
_d-58778
_eBPA
_fc.3
_h25108
_i22584
_mD
_si
949 _a658 J65
_bBC
_cBPA
_d-58779
_eBPA
_fc.4
_h25109
_i22584
_mD
_si
949 _a658 J65
_bBC
_cBPA
_d-58780
_eBPA
_fc.5
_h25113
_i22584
_mD
_si
949 _a658 J65
_bBC
_cBPA
_d-58781
_eBPA
_fc.6
_h25110
_i22584
_mD
_si
949 _a658 J65
_bBC
_cBPA
_d-58782
_eBPA
_fc.7
_h25111
_i22584
_mD
_si
949 _a658 J65
_bBC
_cBPA
_d33724000127353
_eBPA
_h25106
_i22584
_mD
_si
949 _a658 J65
_bBC
_cBPA
_d33724000127361
_eBPA
_fc.2
_h25107
_i22584
_mD
_si
999 _c17527
_d17527